000
00235nam a22001097a 4500
041
_a
ENG
245
_a
Management A Global Perspective
260
_a
Delhi
_b
McGraw -Hill
_c
2004
300
_a
744
650
_a
M.Tech
856
_u
M.Tech -(7)
999
_c
999
_d
999